[Event "South African op"]
[Site "Durban"]
[Date "2017.07.15"]
[Round "2"]
[White "Manganyi, Ephic"]
[Black "Qobo, Lulama T"]
[Result "1-0"]
[WhiteElo "1582"]
[BlackElo "1881"]
[PlyCount "29"]
[EventDate "2017.07.14"]
[EventType "swiss"]
[EventRounds "11"]
[EventCountry "RSA"]
[SourceTitle "EXT 2018"]
[Source "ChessBase"]
[SourceDate "2017.10.13"]
[SourceVersion "1"]
[SourceVersionDate "2017.10.13"]
[SourceQuality "1"]

1. e4 c5 2. f4 d5 3. e5 Nc6 4. Nf3 Bg4 5. Be2 e6 6. 0-0 Nge7 7. c3 d4 8. Bc4 Nd5 9. h3 h5 10. hxg4 hxg4 11. Ng5 Nxf4 12. Qxg4 Ne2+ 13. Bxe2 Nxe5 14. Bb5+ Ke7 15. Rxf7+ 1-0

[Event "Durban Ethekwini op"]
[Site "Durban"]
[Date "2017.03.21"]
[Round "7"]
[White "Khanyile, Wandumuzi Siphephel"]
[Black "Qobo, Lulama T"]
[Result "0-1"]
[WhiteElo "1787"]
[BlackElo "1879"]
[PlyCount "96"]
[EventDate "2017.03.18"]
[EventType "swiss"]
[EventRounds "7"]
[EventCountry "RSA"]
[SourceTitle "CBM 177 Extra"]
[Source "ChessBase"]
[SourceDate "2017.04.27"]
[SourceVersion "1"]
[SourceVersionDate "2017.04.27"]
[SourceQuality "1"]

1. e4 c5 2. Nf3 e6 3. c3 d5 4. Bb5+ Nc6 5. exd5 exd5 6. d4 Nf6 7. 0-0 Be7 8. Qa4 Bd7 9. Ne5 Nxe5 10. dxe5 Bxb5 11. Qxb5+ Qd7 12. Qe2 Qe6 13. Nd2 0-0 14. f4 Nd7 15. Re1 f6 16. exf6 Qxe2 17. Rxe2 Bxf6 18. Nf3 Rae8 19. Be3 Re6 20. Rae1 Rfe8 21. Kf2 b6 22. Bd2 Rxe2+ 23. Rxe2 Rd8 24. Re6 Nb8 25. g4 Kf7 26. f5 h6 27. Be3 Na6 28. a4 d4 29. cxd4 cxd4 30. Bd2 Nc5 31. Rc6 Rd7 32. a5 Ne4+ 33. Ke1 Nxd2 34. Kxd2 bxa5 35. Ra6 Rb7 36. Rxa5 Rxb2+ 37. Kd3 Rb3+ 38. Ke4 Re3+ 39. Kf4 Re7 40. Rd5 Ke8 41. Nxd4 Rd7 42. Rxd7 Kxd7 43. Nb3 Bc3 44. h4 a5 45. g5 hxg5+ 46. Kxg5 Ke8 47. Kg6 a4 48. Nc1 Kf8 0-1

[Event "Boksburg Inter Region-ch"]
[Site "Boksburg"]
[Date "2016.12.22"]
[Round "5.1"]
[White "Qobo, Lulama T"]
[Black "Fourie, Louhan"]
[Result "0-1"]
[WhiteElo "1898"]
[BlackElo "1548"]
[PlyCount "52"]
[EventDate "2016.12.20"]
[EventType "team-swiss"]
[EventRounds "7"]
[EventCountry "RSA"]
[SourceTitle "CBM 176 Extra"]
[Source "ChessBase"]
[SourceDate "2017.03.02"]
[SourceVersion "1"]
[SourceVersionDate "2017.03.02"]
[SourceQuality "1"]
[WhiteTeam "Ethekwini"]
[BlackTeam "Beliebers"]
[WhiteTeamCountry "RSA"]
[BlackTeamCountry "RSA"]

1. e4 c5 2. Nf3 d6 3. d4 cxd4 4. Nxd4 Nf6 5. Nc3 g6 6. Bc4 Bg7 7. 0-0 0-0 8. Bb3 Nbd7 9. Kh1 a6 10. f4 Nc5 11. Re1 b5 12. Nc6 Qc7 13. Nd5 Nxd5 14. exd5 Re8 15. c3 Bb7 16. Bc2 Bxc6 17. dxc6 Rac8 18. f5 Qxc6 19. Qg4 d5 20. Bg5 e5 21. Re3 e4 22. Rh3 gxf5 23. Qxf5 Qg6 24. Qf4 Ne6 25. Qd2 Qxg5 26. Qxd5 Qxd5 0-1

[Event "Boksburg Inter Region-ch"]
[Site "Boksburg"]
[Date "2016.12.21"]
[Round "3.2"]
[White "Qobo, Lulama T"]
[Black "De Abreu, Roberto N"]
[Result "0-1"]
[WhiteElo "1898"]
[BlackElo "2089"]
[PlyCount "66"]
[EventDate "2016.12.20"]
[EventType "team-swiss"]
[EventRounds "7"]
[EventCountry "RSA"]
[SourceTitle "CBM 176 Extra"]
[Source "ChessBase"]
[SourceDate "2017.03.02"]
[SourceVersion "1"]
[SourceVersionDate "2017.03.02"]
[SourceQuality "1"]
[WhiteTeam "Ethekwini"]
[BlackTeam "Johannesburg Metro"]
[WhiteTeamCountry "RSA"]
[BlackTeamCountry "RSA"]

1. d4 Nf6 2. c4 c5 3. d5 e6 4. Nc3 exd5 5. Nxd5 Nxd5 6. Qxd5 Nc6 7. Nf3 d6 8. b3 Qf6 9. Rb1 Qg6 10. Rb2 Be7 11. Bg5 Be6 12. Qd2 f6 13. Bf4 Rd8 14. e4 Qxe4+ 15. Be2 d5 16. cxd5 Bxd5 17. 0-0 Bc4 18. Qc1 Bxe2 19. Re1 Bxf3 20. Rxe4 Bxe4 21. h4 Kf7 22. h5 Rd7 23. Qc4+ Bd5 24. Qe2 Re8 25. Be3 Red8 26. Qg4 Be6 27. Qe4 Rd1+ 28. Kh2 R8d5 29. g4 f5 30. gxf5 Rxf5 31. f3 Rxh5+ 32. Kg2 Bd6 33. Bf4 Rd4 0-1

[Event "RSA-chT Regions"]
[Site "Cape Town"]
[Date "2016.01.09"]
[Round "4.2"]
[White "Lynch, Justin"]
[Black "Qobo, Lulama T"]
[Result "1-0"]
[WhiteElo "1734"]
[BlackElo "1856"]
[PlyCount "94"]
[EventDate "2016.01.08"]
[EventType "team-swiss"]
[EventRounds "7"]
[EventCountry "RSA"]
[SourceTitle "CBM 170 Extra"]
[Source "ChessBase"]
[SourceDate "2016.02.25"]
[SourceVersion "1"]
[SourceVersionDate "2016.02.25"]
[SourceQuality "1"]
[WhiteTeam "Western Province Youth"]
[BlackTeam "EThekwini"]
[WhiteTeamCountry "RSA"]
[BlackTeamCountry "RSA"]

1. d4 d5 2. c4 c6 3. e3 Nf6 4. Nc3 e6 5. Nf3 Nbd7 6. Bd3 dxc4 7. Bxc4 b5 8. Bd3 Bb7 9. 0-0 a6 10. Qe2 c5 11. Re1 b4 12. Nb1 Ne4 13. Nbd2 Ndf6 14. Nc4 Be7 15. a4 0-0 16. a5 Ng4 17. Rf1 f5 18. Nce5 Ngf6 19. Bc4 Bd5 20. Bxd5 Nxd5 21. Nc6 Qc7 22. Nxe7+ Qxe7 23. Bd2 g5 24. Rac1 g4 25. Ne5 Rf6 26. dxc5 Nxd2 27. Qxd2 Rh6 28. Qd4 Qh4 29. h3 gxh3 30. Qxh4 Rxh4 31. c6 hxg2 32. Kxg2 Ra7 33. Rfd1 Rc7 34. Nd7 Rg4+ 35. Kf3 Rg7 36. Nb8 Ra7 37. Nxa6 Rxa6 38. Rxd5 Rc7 39. Rdc5 Kf7 40. R1c4 b3 41. Rc3 Ke7 42. Rxb3 Kd6 43. Rbc3 e5 44. b4 e4+ 45. Kf4 Ke6 46. Re5+ Kd6 47. Rxf5 Ke7 1-0

[Event "RSA-chT Regions"]
[Site "Cape Town"]
[Date "2016.01.09"]
[Round "5.1"]
[White "Maredi, Alex Donald Lebogan"]
[Black "Qobo, Lulama T"]
[Result "0-1"]
[WhiteElo "1692"]
[BlackElo "1856"]
[PlyCount "92"]
[EventDate "2016.01.08"]
[EventType "team-swiss"]
[EventRounds "7"]
[EventCountry "RSA"]
[SourceTitle "CBM 170 Extra"]
[Source "ChessBase"]
[SourceDate "2016.02.25"]
[SourceVersion "1"]
[SourceVersionDate "2016.02.25"]
[SourceQuality "1"]
[WhiteTeam "Tshwane Youth"]
[BlackTeam "EThekwini"]
[WhiteTeamCountry "RSA"]
[BlackTeamCountry "RSA"]

1. d4 d5 2. c4 c6 3. Nf3 e6 4. Nc3 dxc4 5. a4 Bb4 6. e4 b5 7. Be2 Bb7 8. 0-0 a6 9. Qc2 Nf6 10. Bg5 h6 11. Bd2 0-0 12. e5 Nd5 13. Ne4 Bxd2 14. Nfxd2 Nd7 15. a5 Qc7 16. b3 cxb3 17. Nxb3 f6 18. exf6 N5xf6 19. Nec5 Rae8 20. Bf3 e5 21. Rfe1 Nxc5 22. Nxc5 Bc8 23. dxe5 Rxe5 24. Rxe5 Qxe5 25. Rd1 Nd5 26. Nb3 Nb4 27. Qc5 Qxc5 28. Nxc5 Re8 29. h3 Re5 30. Nd3 Nxd3 31. Rxd3 Re1+ 32. Kh2 Bf5 33. Rd6 Re6 34. Rxc6 Rxc6 35. Bxc6 b4 36. Bd5+ Kf8 37. Bb3 Ke7 38. Kg3 Be6 39. Ba4 b3 40. Kf4 Kd6 41. g4 b2 42. Bc2 Ba2 43. Bb1 Bxb1 44. g5 h5 45. Ke3 g6 46. Kd4 Ke6 0-1

[Event "RSA-chT Regions"]
[Site "Cape Town"]
[Date "2016.01.08"]
[Round "2.2"]
[White "Mazibuko, Khanya"]
[Black "Qobo, Lulama T"]
[Result "0-1"]
[WhiteElo "1559"]
[BlackElo "1856"]
[PlyCount "40"]
[EventDate "2016.01.08"]
[EventType "team-swiss"]
[EventRounds "7"]
[EventCountry "RSA"]
[SourceTitle "CBM 170 Extra"]
[Source "ChessBase"]
[SourceDate "2016.02.25"]
[SourceVersion "1"]
[SourceVersionDate "2016.02.25"]
[SourceQuality "1"]
[WhiteTeam "Johannesburg Metro III"]
[BlackTeam "EThekwini"]
[WhiteTeamCountry "RSA"]
[BlackTeamCountry "RSA"]

1. e4 c5 2. Nc3 e6 3. f4 d5 4. Nf3 d4 5. Bb5+ Bd7 6. Bxd7+ Qxd7 7. Ne2 Nc6 8. d3 Nf6 9. h3 Be7 10. 0-0 Qc7 11. Kh1 h6 12. a4 Nh7 13. Nd2 0-0-0 14. Ng3 Rhg8 15. f5 Qxg3 16. Qe2 Qc7 17. fxe6 fxe6 18. Qg4 Qd7 19. a5 h5 20. Qe2 g5 0-1

[Event "South African op"]
[Site "Cape Town"]
[Date "2015.07.05"]
[Round "4"]
[White "Kroon, Piet"]
[Black "Qobo, Lulama T"]
[Result "1-0"]
[WhiteElo "2330"]
[BlackElo "1813"]
[PlyCount "109"]
[EventDate "2015.07.03"]
[EventType "swiss"]
[EventRounds "11"]
[EventCountry "RSA"]
[SourceTitle "CBM 167 Extra"]
[Source "ChessBase"]
[SourceDate "2015.09.14"]
[SourceVersion "1"]
[SourceVersionDate "2015.09.14"]
[SourceQuality "1"]

1. c4 e5 2. Nc3 Nf6 3. g3 Bb4 4. Bg2 0-0 5. Nf3 Nc6 6. 0-0 d6 7. d3 Bxc3 8. bxc3 h6 9. e4 Bg4 10. h3 Be6 11. Nh4 Qd7 12. g4 Kh7 13. f4 exf4 14. Rxf4 Ng8 15. Nf5 g6 16. Be3 Qd8 17. Nd4 Ne5 18. Qe2 a6 19. Nxe6 fxe6 20. Rxf8 Qxf8 21. Rf1 Qe7 22. d4 Nc6 23. Qf2 Kg7 24. g5 h5 25. e5 Rf8 26. Qf6+ Qxf6 27. exf6+ Kf7 28. Bxc6 bxc6 29. Rb1 Rc8 30. Rb7 Nxf6 31. gxf6 Kxf6 32. h4 Kf5 33. Kf2 Ke4 34. Ke2 Rf8 35. Rxc7 Rf3 36. Bg5 Rxc3 37. Rxc6 Rc2+ 38. Bd2 Kxd4 39. Rxd6+ Ke5 40. Rxa6 Rxc4 41. Ra5+ Kd6 42. Bg5 e5 43. Kd3 Rg4 44. Ra6+ Kd5 45. Ra5+ Ke6 46. a4 Kf5 47. Ra6 Rg3+ 48. Kc4 Rg4+ 49. Kd5 Rb4 50. Rf6+ Kg4 51. Kxe5 Rxa4 52. Rxg6 Ra5+ 53. Kf6 Ra8 54. Kg7 Rc8 55. Bf6+ 1-0